000 004610000a22001810004500
003 MACL
005 20160101112124.0
008 160101b xxu||||| |||| 00| 0 eng d
040 _aMACL
_cMACL
041 _aEnglish
082 _a347.6/KAN
100 _aKane, P V
_925273
245 _aThe Vyavaharamayukha of Nilakantha
260 _bHigh Court Rules & Orders in Mp
_c1933
_aBombay
350 _a7
650 _aPrivate Law
_921264
942 _cBK
_k347.6
_2ddc
999 _c34653
_d34653